01688nam a2200445 i 450000100060000000300080000600500170001400600190003100700150005000800410006502000270010602000180013303500230015103500240017403500250019803500210022304000310024405000200027508200150029510000210031024501480033126400360047930000410051533600310055633700330058733800430062049000150066350000220067850400290070058801240072959001640085365000270101765000340104465500270107870000230110579700190112883000160114785600620116399900170122522064FlNmELB20241216213957.0m o d | cr cnu||||||||150601s2013 ag ob 001 0 spa d a9789506417673 (e-book) z9789506417673 a(MiAaPQ)EBC3219927 a(Au-PeEL)EBL3219927 a(CaPaEBR)ebr10862337 a(OCoLC)992038361 aFINmELBbspaerdacFINmELB 4aHD31bW884 20130 a658.832231 aWoodburn, Diana.13aEl management de las cuentas clave :bcómo seleccionar, tratar y retener a los clientes más rentables /cDiana Woodburn y Malcolm McDonald. 1aBuenos Aires :bGranica,c2013. a1 recurso en línea (286 páginas) atextobtxt2rdacontent/spa acomputadorabc2rdamedia/spa arecurso en líneabcr2rdacarrier/spa1 aManagement aIncluye índice. aContiene bibliografía. aDescripción basada en recurso en línea; Título de la página del título en PDF (e-libro, visto June 01, 2015). aRecurso electrónico. Santa Fe, Arg.: e-libro, 2015. Disponible vía World Wide Web. El acceso puede estar limitado para las bibliotecas afiliadas a e-libro. 0aIndustrial management. 4aAdministración de empresas. 4aLibros electrónicos.1 aMcDonald, Malcolm.2 ae-libro, Corp. 0aManagement.40uhttps://elibro.net/ereader/politecnicointernacional/66763 c22064d22064